Teoría de la literatura norteamericana
Shranjeno v:
| Glavni avtor: | |
|---|---|
| Format: | Knjiga |
| Jezik: | Spanish |
| Izdano: |
Buenos Aires, Argentina
Bibliográfica Argentina
1968
|
| Teme: | |
| Oznake: |
Označite
Brez oznak, prvi označite!
|
MARC
| LEADER | 00000nam a2200000Ia 4500 | ||
|---|---|---|---|
| 008 | 170316s9999 xx 000 0 spa d | ||
| 040 | |a cru BVZT | ||
| 090 | |a 801 M-53t | ||
| 100 | |a Mumford Jones, Howard | ||
| 245 | |a Teoría de la literatura norteamericana | ||
| 260 | |a Buenos Aires, Argentina | ||
| 260 | |b Bibliográfica Argentina | ||
| 260 | |c 1968 | ||
| 300 | |a 164 páginas | ||
| 650 | |a TEORÍA LITERARIA | ||
| 942 | |c 15 D | ||
| 999 | |c 5103 |d 5103 | ||
